000 00713nam a22002177a 4500
003 OSt
005 20250901065132.0
008 250901b |||||||| |||| 00| 0 eng d
020 _a978-0-07-128311-3.
040 _aDWCL-Main lib
_cOC
082 _28th ed.
_aCirc.651.7 L815 2008
100 _aKienzler, Donna S.
245 _aBusiness and administrative communication/
_cKienzler, Donna S.
260 _aN. Y. :
_bMcGraw-Hill/Irwin,
_cc2008.
300 _axxxi, 701 p. :
_bcol. ill. ;
_c27 cm.
504 _aIncludes bibliographical references and index.
650 _aBusiness communication.
650 _aCommunication in management.
700 _aLocker, Kitty O.
942 _2ddc
_cBK-CIRC
_e8th ed.
_kCirc
_n0
999 _c4436
_d4436